The heart sūtra in Tibetan : (Record no. 2830)

MARC details
000 -LEADER
fixed length control field 01285nam a2200325 i 4500
001 - CONTROL NUMBER
control field 82437
003 - CONTROL NUMBER IDENTIFIER
control field OSt
005 - DATE AND TIME OF LATEST TRANSACTION
control field 20251129192303.0
008 - FIXED-LENGTH DATA ELEMENTS--GENERAL INFORMATION
fixed length control field 950515s1994 au b 001 0 tib d
010 ## - LIBRARY OF CONGRESS CONTROL NUMBER
LC control number 95153365
035 ## - SYSTEM CONTROL NUMBER
System control number 82437
035 ## - SYSTEM CONTROL NUMBER
System control number (OCoLC)32804209
040 ## - CATALOGING SOURCE
Original cataloging agency ICU
Transcribing agency ICU
Modifying agency DLC
041 1# - LANGUAGE CODE
Language code of text/sound track or separate title eng
-- tib
Language code of original san
042 ## - AUTHENTICATION CODE
Authentication code lccopycat
050 00 - LIBRARY OF CONGRESS CALL NUMBER
Classification number BQ1962.E5
Item number H73 1994
130 0# - MAIN ENTRY--UNIFORM TITLE
Uniform title Tripiṭaka.
Name of part/section of a work Sūtrapiṭaka.
-- Prajñāpāramitā.
-- Hr̥daya.
Language of a work English & Tibetan.
245 14 - TITLE STATEMENT
Title The heart sūtra in Tibetan :
Remainder of title a critical edition of the two recensions contained in the Kanjur /
Statement of responsibility, etc. [introduction and edited by] Jonathan A. Silk.
264 ## - PRODUCTION, PUBLICATION, DISTRIBUTION, MANUFACTURE, AND COPYRIGHT NOTICE
Place of production, publication, distribution, manufacture Wien :
Name of producer, publisher, distributor, manufacturer Arbeitskreis für tibetische und buddhistische Studien, Universität Wien,
Date of production, publication, distribution, manufacture, or copyright notice 1994.
300 ## - PHYSICAL DESCRIPTION
Extent 205 pages ;
Dimensions 24 cm.
336 ## - CONTENT TYPE
Content type term text
Content type code txt
Source rdacontent
337 ## - MEDIA TYPE
Media type term unmediated
Media type code n
Source rdamedia
338 ## - CARRIER TYPE
Carrier type term volume
Carrier type code nc
Source rdacarrier
440 #0 - SERIES STATEMENT/ADDED ENTRY--TITLE
Title Wiener Studien zur Tibetologie und Buddhismuskunde ;
Volume/sequential designation Heft 34
504 ## - BIBLIOGRAPHY, ETC. NOTE
Bibliography, etc. note Includes bibliographical references (p. 189-205).
546 ## - LANGUAGE NOTE
Language note Tibetan text (translated from Sanskrit), parallel English translation.
630 00 - SUBJECT ADDED ENTRY--UNIFORM TITLE
Uniform title Tripiṭaka.
Name of part/section of a work Sūtrapiṭaka.
-- Prajñāpāramitā.
-- Hr̥daya
General subdivision Criticism, Textual.
700 1# - ADDED ENTRY--PERSONAL NAME
Personal name Silk, Jonathan A.
942 ## - ADDED ENTRY ELEMENTS (KOHA)
Source of classification or shelving scheme Lindholme Classification Scheme
Koha item type Book
Suppress in OPAC No
Holdings
Withdrawn status Lost status Source of classification or shelving scheme Damaged status Not for loan Collection Home library Current library Shelving location Date acquired Total checkouts Full call number Barcode Date last seen Price effective from Koha item type
    Lindholme Classification Scheme     Vajrayana Lindholme Hall Library Lindholme Hall Library General stacks 29/11/2025   493.1 SIL 2408344 29/11/2025 29/11/2025 Reference